Fundamentals of Corporate Finance (Record no. 2004)

MARC details
005 - DATE AND TIME OF LATEST TRANSACTION
control field 20250506111732.0
020 ## - INTERNATIONAL STANDARD BOOK NUMBER
International Standard Book Number 978-0-07-066702-0
082 ## - DEWEY DECIMAL CLASSIFICATION NUMBER
Classification number 658. 15 ROS
100 ## - MAIN ENTRY--PERSONAL NAME
Author name ROSS, S. A.
245 ## - TITLE STATEMENT
Title Fundamentals of Corporate Finance
250 ## - EDITION STATEMENT
Edition statement 8th Ed.
260 ## - PUBLICATION, DISTRIBUTION, ETC.
Place of publication, distribution, etc. New York,
Name of publisher, distributor, etc. McGraw-Hill,
Date of publication, distribution, etc. 2010.
300 ## - PHYSICAL DESCRIPTION
Extent xxxii, 753p.: ill.; picture, table.
Other physical details Index.
Dimensions 25cm.
700 ## - ADDED ENTRY--PERSONAL NAME
Other authors/Editors WESTERFIELD, R. W. & JORDAN, B. D.
856 ## - ELECTRONIC LOCATION AND ACCESS
Link text Access online book
Electronic name Corporate Finance
Path www.tatamcgrawhill.com
942 ## - ADDED ENTRY ELEMENTS (KOHA)
Source of classification or shelving scheme Dewey Decimal Classification
Koha item type Books
Holdings
Date last seen Total checkouts Full call number Barcode Cost, replacement price Price effective from Koha item type Lost status Source of classification or shelving scheme Damaged status Not for loan Withdrawn status Home library Current library Shelving location Date acquired Cost, normal purchase price
06/28/2025   658.15 ROS DOM000617 121500.00 06/28/2025 Books   Dewey Decimal Classification       CBE Dodoma CBE Dodoma General Collection 02/10/2016 40500.00
05/06/2025   658. 15 ROS 0000007703 121500.00 05/06/2025 Books   Dewey Decimal Classification       College of Business Education Main Library College of Business Education Main Library General Collection 02/10/2016 40500.00